Cartas eruditas y curiosas, en que, por la mayor parte, se continúa el designio del Theatro critico universal : (Record no. 154029)
[ view plain ]
| 000 -LEADER | |
|---|---|
| campo de control de longitud fija | 01761nam a2200277 i 4500 |
| 001 - NÚMERO DE CONTROL | |
| campo de control | 154029 |
| 003 - IDENTIFICADOR DE NÚMERO DE CONTROL | |
| campo de control | ES-MaACL |
| 005 - FECHA Y HORA DE LA ÚLTIMA TRANSACCIÓN | |
| campo de control | 20250823013558.0 |
| 008 - DATOS DE LONGITUD FIJA--INFORMACIÓN GENERAL | |
| campo de control de longitud fija | 931025s1774 sp |||| | spa d |
| 080 ## - NÚMERO DE LA CLASIFICACIÓN DECIMAL UNIVERSAL | |
| Número de la Clasificación Decimal Universal | 821.134.2 |
| 100 1# - ENTRADA PRINCIPAL--NOMBRE DE PERSONA | |
| Nombre de persona | Feijoo, Benito Jerónimo, |
| Fechas asociadas al nombre | 1676-1764 |
| 9 (RLIN) | 49105 |
| 245 10 - MENCIÓN DEL TÍTULO | |
| Título | Cartas eruditas y curiosas, en que, por la mayor parte, se continúa el designio del Theatro critico universal : |
| Resto del título | impugnando, o reduciendo a dudosas, varias opiniones comunes / |
| Mención de responsabilidad, etc. | escritas por... Fr. Benito Geronymo Feyjoó y Montenegro... del Orden de San Benito... ; tomo quarto. |
| 250 ## - MENCION DE EDICION | |
| Mención de edición | Nueva impresion. |
| 260 ## - PUBLICACIÓN, DISTRIBUCIÓN, ETC. | |
| Lugar de publicación, distribución, etc. | Madrid : |
| Nombre del editor, distribuidor, etc. | por Pedro Marin ... : |
| -- | a costa de la Real Compañia de Impresores y Libreros, |
| Fecha de publicación, distribución, etc. | 1774. |
| 300 ## - DESCRIPCIÓN FÍSICA | |
| Extensión | XL, 394 p. ; |
| Dimensiones | 4º. |
| 530 ## - NOTA DISPONIBLE DE FORMULARIO FÍSICO ADICIONAL | |
| Nota de formato físico adicional disponible | Disponible en formato digital la obra completa: 5 v. |
| 595 ## - | |
| -- | Existen al menos dos ed. con el mismo pie de imp. Pueden diferenciarse: tip A, "tomo quarto" está enmarcado por dos rayas, en p. 3 la 1ª linea termina "y los" y en p. 32 consta "carta segunda". Tipo B, "tomo quarto" está sin enmarcar, en p. 3 la 1ª linea termina "y los que" y en p. 32 consta "carta II" |
| 596 ## - NOTA AL PIE DE IMPRENTA | |
| NOTA AL PIE DE IMPRENTA | Marca tip. en port. de la Real Compañia de Impresores y Libreros. |
| 597 ## - NOTA DE DESCRIPCIÓN FÍSICA | |
| NOTA DE DESCRIPCIÓN FÍSICA | Sign.: a-b8, c4, A-Z8, 2A8, 2B5. |
| 600 17 - PUNTO DE ACCESO ADICIONAL DE MATERIA--NOMBRE DE PERSONA | |
| Nombre de persona | Feijoo, Benito Jerónimo, |
| Fechas asociadas al nombre | 1676-1764. |
| Título de la obra | Teatro crítico universal- |
| Subdivisión de forma | Crítica e interpretación |
| Fuente del encabezamiento o término | |
| 9 (RLIN) | 127028 |
| 700 1# - ENTRADA AGREGADA--NOMBRE PERSONAL | |
| Nombre de persona | Marín, Pedro, |
| Fechas asociadas al nombre | fl. 1763?-1790 |
| 9 (RLIN) | 174390 |
| 710 2# - ENTRADA AGREGADA--NOMBRE DE ENTIDAD CORPORATIVA | |
| Nombre de entidad corporativa o nombre de jurisdicción como elemento de entrada | Real Compañía de Impresores y Libreros del Reino. |
| 9 (RLIN) | 134788 |
| 852 4# - LOCALIZACIÓN | |
| Ubicación | ES-MaACL |
| Número de control de estantería | R-847-61 |
| Nota libre | - Enc. piel no original de la época |
| Encuadernación | Olim: G-1530-44 |
| 856 4# - LOCALIZACIÓN Y ACCESO ELECTRÓNICOS | |
| Identificador Uniforme de Recursos | <a href="http://bdh-rd.bne.es/viewer.vm?id=0000014950&page=1 ">http://bdh-rd.bne.es/viewer.vm?id=0000014950&page=1 </a> |
| Nota pública | Biblioteca Digital Hispánica |
| Estatus retirado | Estado de pérdida | Estado de daño | No para préstamo | Colección | Biblioteca de origen | Biblioteca actual | Ubicación en estantería | Fecha de adquisición | Total de préstamos | Signatura topográfica completa | Código de barras | Visto por última vez | Precio de reemplazo | Tipo de ítem Koha |
|---|---|---|---|---|---|---|---|---|---|---|---|---|---|---|
| Colección digital | Biblioteca del Ateneo de Madrid | Biblioteca del Ateneo de Madrid | Depósito | 17/01/2008 | R-847-61 | 1161052 | 23/02/2023 | 23/02/2023 | Libro impreso antiguo |
